Courting the Diamond Sow : (Record no. 533825)
[ view plain ]
| 000 -LEADER | |
|---|---|
| fixed length control field | 01367cam a2200361 a 4500 |
| 001 - CONTROL NUMBER | |
| control field | 12285395 |
| 003 - CONTROL NUMBER IDENTIFIER | |
| control field | NUST |
| 005 - DATE AND TIME OF LATEST TRANSACTION | |
| control field | 20200121154722.0 |
| 008 - FIXED-LENGTH DATA ELEMENTS--GENERAL INFORMATION | |
| fixed length control field | 010122s2000 dcuab b 000 0aeng d |
| 010 ## - LIBRARY OF CONGRESS CONTROL NUMBER | |
| LC control number | 2001274257 |
| 020 ## - INTERNATIONAL STANDARD BOOK NUMBER | |
| International Standard Book Number | 0792279603 |
| 035 ## - SYSTEM CONTROL NUMBER | |
| System control number | (OCoLC)ocm45205373 |
| 038 ## - RECORD CONTENT LICENSOR | |
| Staff Name | MSOHAIL |
| 040 ## - CATALOGING SOURCE | |
| Original cataloging agency | GSN |
| Transcribing agency | GSN |
| Modifying agency | VHB |
| -- | DLC |
| 042 ## - AUTHENTICATION CODE | |
| Authentication code | lccopycat |
| 043 ## - GEOGRAPHIC AREA CODE | |
| Geographic area code | a-cc-ti |
| 050 00 - LIBRARY OF CONGRESS CALL NUMBER | |
| Classification number | GV776.7.T55 |
| Item number | W35 2000 |
| 082 ## - DEWEY DECIMAL CLASSIFICATION NUMBER | |
| Classification number | 915.15 |
| 100 1# - MAIN ENTRY--PERSONAL NAME | |
| Personal name | Walker, Wickliffe W. |
| 9 (RLIN) | 27826 |
| 245 10 - TITLE STATEMENT | |
| Title | Courting the Diamond Sow : |
| Remainder of title | a whitewater expedition on Tibet's forbidden river / |
| Statement of responsibility, etc. | Wickliffe W. Walker. |
| 260 ## - PUBLICATION, DISTRIBUTION, ETC. | |
| Place of publication, distribution, etc. | Washington, D.C. : |
| Name of publisher, distributor, etc. | Adventure Press, National Geographic, |
| Date of publication, distribution, etc. | c2000. |
| 300 ## - PHYSICAL DESCRIPTION | |
| Extent | 252 p. : |
| Other physical details | ill. (some col.), 1 map ; |
| Dimensions | 25 cm |
| 504 ## - BIBLIOGRAPHY, ETC. NOTE | |
| Bibliography, etc. note | Includes bibliographical references (p. [245]-252). |
| 600 10 - SUBJECT ADDED ENTRY--PERSONAL NAME | |
| Personal name | Walker, Wickliffe W. |
| General subdivision | Travel. |
| 9 (RLIN) | 27827 |
| 650 #0 - SUBJECT ADDED ENTRY--TOPICAL TERM | |
| Topical term or geographic name entry element | Kayaking |
| Geographic subdivision | China |
| -- | Tibet Autonomous Region. |
| 9 (RLIN) | 27828 |
| 650 #0 - SUBJECT ADDED ENTRY--TOPICAL TERM | |
| Topical term or geographic name entry element | Kayaking |
| Geographic subdivision | Brahmaputra River. |
| 9 (RLIN) | 27829 |
| 651 #0 - SUBJECT ADDED ENTRY--GEOGRAPHIC NAME | |
| Geographic name | Tibet Autonomous Region (China) |
| General subdivision | Description and travel. |
| 9 (RLIN) | 27830 |
| 651 #0 - SUBJECT ADDED ENTRY--GEOGRAPHIC NAME | |
| Geographic name | Brahmaputra River |
| General subdivision | Description and travel. |
| 9 (RLIN) | 27831 |
| 710 2# - ADDED ENTRY--CORPORATE NAME | |
| Corporate name or jurisdiction name as entry element | National Geographic Society (U.S.) |
| 9 (RLIN) | 23302 |
| 906 ## - LOCAL DATA ELEMENT F, LDF (RLIN) | |
| a | 7 |
| b | cbc |
| c | copycat |
| d | 2 |
| e | ncip |
| f | 20 |
| g | y-gencatlg |
| 942 ## - ADDED ENTRY ELEMENTS (KOHA) | |
| Source of classification or shelving scheme | |
| Koha item type | Book |
| Withdrawn status | Lost status | Source of classification or shelving scheme | Damaged status | Not for loan | Permanent Location | Current Location | Date acquired | Total Checkouts | Full call number | Barcode | Date last seen | Price effective from | Koha item type |
|---|---|---|---|---|---|---|---|---|---|---|---|---|---|
| School of Civil and Environmental Engineering (SCEE) | School of Civil and Environmental Engineering (SCEE) | 01/21/2020 | 915.15 | NIT-9298 | 01/21/2020 | 01/21/2020 | Book |
